[Event "GER-ch 86th"]
[Site "Saarbruecken"]
[Date "2015.12.04"]
[Round "2"]
[White "Middelhoff, Cornelius"]
[Black "Margraf, Daniel"]
[Result "0-1"]
[WhiteElo "2137"]
[BlackElo "2277"]
[EventDate "2015.12.03"]
[PlyCount "94"]

1. d4 d5 2. c4 e6 3. Nc3 Nf6 4. Bg5 c6 5. cxd5 exd5 6. e3 Bf5 7. Qf3 Bg6 8. Bxf6 gxf6 9. Nge2 Nd7 10. g3 Qa5 11. Bh3 Be4 12. Qh5 Bxh1 13. O-O-O Qd8 14. Rxh1 Bb4 15. Qh6 Qe7 16. Kb1 O-O-O 17. Bf5 Kb8 18. Qf4+ Bd6 19. Qf3 Nb6 20. Rd1 Nc4 21. Qh1 Bc7 22. Ka1 Nd6 23. Bd3 Rde8 24. Bc2 Qd7 25. Qf3 f5 26. Na4 b6 27. Nf4 Ne4 28. Ng2 Rhg8 29. Nf4 Bd6 30. Bb3 Ng5 31. Qe2 Bxf4 32. gxf4 Ne4 33. f3 Nd6 34. Nc3 Rg6 35. Rc1 Reg8 36. a4 a5 37. Ka2 h5 38. Rc2 h4 39. Qd3 h3 40. e4 fxe4 41. fxe4 dxe4 42. Nxe4 Nxe4 43. Qxe4 Rd6 44. Qh7 Rg2 45. Rc3 Rxd4 46. Qh8+ Kb7 47. Bc4 Rdd2 0-1

[Event "GER-ch 86th"]
[Site "Saarbruecken"]
[Date "2015.12.04"]
[Round "2"]
[White "Mueller, Nick"]
[Black "Liedtke, Matthias"]
[Result "1/2-1/2"]
[WhiteElo "2175"]
[BlackElo "2286"]
[EventDate "2015.12.03"]
[PlyCount "87"]

1. e4 e6 2. d4 d5 3. Nd2 Be7 4. c3 c5 5. e5 cxd4 6. cxd4 Nc6 7. Ngf3 Nh6 8. Bd3 Nf5 9. O-O Bd7 10. Bxf5 exf5 11. Nb1 Be6 12. Nc3 O-O 13. Ne2 Rc8 14. Be3 Qb6 15. Rb1 Qa6 16. a3 Na5 17. Bg5 Rfe8 18. Bxe7 Rxe7 19. Nf4 Qb5 20. Rc1 Rc4 21. Qe2 Qc6 22. Qe3 Rc7 23. Rb1 Rc2 24. Nh5 h6 25. Qf4 Qe8 26. Ne1 R2c6 27. Qg3 Qf8 28. Nd3 Nb3 29. Qe3 a5 30. Ndf4 a4 31. Rfd1 Kh8 32. Ne2 Na5 33. Qf3 Nc4 34. Nef4 Qd8 35. Nd3 Rb6 36. Nb4 Rd7 37. Nf4 Rb5 38. h3 Ra5 39. Rd3 Qh4 40. g3 Qd8 41. h4 Qb6 42. Qd1 Ra8 43. Rc3 Qa5 44. Kg2 1/2-1/2

[Event "GER-ch 86th"]
[Site "Saarbruecken"]
[Date "2015.12.04"]
[Round "2"]
[White "Paulsen, Dirk"]
[Black "Dorst, Johannes"]
[Result "0-1"]
[WhiteElo "2303"]
[BlackElo "2224"]
[EventDate "2015.12.03"]
[PlyCount "60"]

1. d4 Nf6 2. c4 c5 3. d5 b5 4. cxb5 a6 5. bxa6 g6 6. Nc3 Bg7 7. a7 Rxa7 8. e4 O-O 9. Nf3 d6 10. Be2 Ba6 11. O-O Nbd7 12. h3 Qa8 13. Re1 Nb6 14. a4 Bxe2 15. Rxe2 Rb8 16. Bg5 h6 17. Bh4 Nh5 18. e5 Nf4 19. Re1 Nc4 20. Nb5 Nxb2 21. Qd2 Rxb5 22. axb5 Rxa1 23. Qxb2 Rxe1+ 24. Nxe1 Bxe5 25. Qb1 Nxd5 26. Qe4 Qa1 27. f4 Qd4+ 28. Qxd4 Bxd4+ 29. Bf2 Bxf2+ 30. Kxf2 Kf8 0-1

[Event "GER-ch 86th"]
[Site "Saarbruecken"]
[Date "2015.12.04"]
[Round "2"]
[White "Scherer, Max"]
[Black "Mueller, Reinhold"]
[Result "1/2-1/2"]
[WhiteElo "2236"]
[BlackElo "2324"]
[EventDate "2015.12.03"]
[PlyCount "118"]

1. c4 Nf6 2. g3 c6 3. Nf3 d5 4. b3 g6 5. Bb2 Bg7 6. Bg2 O-O 7. O-O b5 8. Na3 bxc4 9. bxc4 Nbd7 10. Nd4 Bb7 11. Rb1 Nc5 12. Qc2 Qa5 13. Rfc1 Rfc8 14. Nb3 Nxb3 15. Qxb3 Qb6 16. Be5 Qxb3 17. Rxb3 Ba6 18. d3 e6 19. e3 Nd7 20. Bd6 Bf8 21. Bxf8 Kxf8 22. d4 Rab8 23. Bf1 Rxb3 24. axb3 Ke7 25. Ra1 Bb7 26. Nc2 Ra8 27. c5 a5 28. b4 axb4 29. Rb1 Kd8 30. Nxb4 Kc7 31. g4 g5 32. Bd3 h6 33. Kg2 Ra3 34. h3 Nb8 35. Bh7 f6 36. h4 e5 37. hxg5 hxg5 38. Bf5 exd4 39. exd4 Bc8 40. Bxc8 Kxc8 41. Nc2 Rd3 42. Rb4 Na6 43. Ra4 Nc7 44. Ne3 Ne6 45. Nf5 Nf4+ 46. Kh2 Rd2 47. Kg3 Rd3+ 48. Kh2 Rd2 49. Ra8+ Kb7 50. Rf8 Rxf2+ 51. Kg3 Rd2 52. Kf3 Rd3+ 53. Kf2 Ne6 54. Rf7+ Ka6 55. Ke2 Nf4+ 56. Kf2 Rd2+ 57. Kf3 Rd3+ 58. Kf2 Rd2+ 59. Kf3 Rd3+ 1/2-1/2

[Event "GER-ch 86th"]
[Site "Saarbruecken"]
[Date "2015.12.04"]
[Round "2"]
[White "Stips, Felix"]
[Black "Stern, Rene"]
[Result "1/2-1/2"]
[WhiteElo "2319"]
[BlackElo "2538"]
[EventDate "2015.12.03"]
[PlyCount "128"]

1. Nf3 Nf6 2. c4 e6 3. Nc3 d5 4. d4 Nbd7 5. cxd5 exd5 6. Bf4 c6 7. Qc2 Nh5 8. Bg5 Be7 9. Bxe7 Qxe7 10. e3 Nb6 11. h3 g6 12. g4 Ng7 13. O-O-O Be6 14. Ne5 O-O-O 15. Be2 Kb8 16. Kb1 Ne8 17. Na4 Nxa4 18. Qxa4 Nd6 19. Rc1 f6 20. Nd3 Ne4 21. Rhe1 Bc8 22. Ka1 Rhe8 23. Bf1 Qc7 24. Rc2 h5 25. Bg2 hxg4 26. hxg4 g5 27. Bf3 Qh7 28. Rh1 Qg6 29. Qa3 Rh8 30. Rcc1 Nd2 31. Be2 Nc4 32. Qc3 Qg7 33. b3 Nd6 34. Rcg1 Rxh1 35. Rxh1 Rh8 36. Qe1 Rh6 37. Qg1 Qh7 38. Rxh6 Qxh6 39. Qg2 Qh4 40. Kb2 b6 41. Bf3 Kc7 42. Bd1 Be6 43. Be2 Bf7 44. Qg1 Bg6 45. Ne1 Kd7 46. Bd3 Bf7 47. Qg2 Be6 48. Be2 Ne4 49. Nd3 Ke7 50. f3 Nd6 51. Kc1 Bf7 52. Kd2 Bg6 53. Nf2 Qh7 54. Bd3 Bxd3 55. Nxd3 Kd7 56. Qg1 Qh3 57. Ke2 a5 58. a4 Qh7 59. Qb1 Kc7 60. Qe1 Qh2+ 61. Qf2 Qh1 62. Qe1 Qh2+ 63. Qf2 Qh1 64. Qe1 Qh2+ 1/2-1/2

[Event "GER-ch 86th"]
[Site "Saarbruecken"]
[Date "2015.12.04"]
[Round "2"]
[White "Svane, Rasmus"]
[Black "Bode, Wilfried"]
[Result "1-0"]
[WhiteElo "2534"]
[BlackElo "2338"]
[EventDate "2015.12.03"]
[PlyCount "59"]

1. Nf3 d5 2. d4 Nf6 3. c4 c6 4. Nc3 dxc4 5. a4 Bf5 6. Ne5 Nbd7 7. Nxc4 Nb6 8. Ne5 a5 9. Bg5 Nbd7 10. Nc4 Nb6 11. e3 Be6 12. Ne5 g6 13. Nd3 Bg7 14. Nc5 Qc8 15. Be2 O-O 16. O-O Re8 17. e4 h5 18. e5 Nfd5 19. N3e4 Bf5 20. Ng3 f6 21. Bd2 fxe5 22. Nxf5 gxf5 23. Bxh5 Rf8 24. dxe5 Bxe5 25. Qe2 Bd6 26. Ne6 Rf6 27. Rfe1 Nc4 28. Qxc4 Rxe6 29. Qh4 Be5 30. Rxe5 1-0

[Event "GER-ch 86th"]
[Site "Saarbruecken"]
[Date "2015.12.04"]
[Round "2"]
[White "Tschann, Stephan"]
[Black "Donchenko, Alexander"]
[Result "1/2-1/2"]
[WhiteElo "2262"]
[BlackElo "2582"]
[EventDate "2015.12.03"]
[PlyCount "148"]

1. c4 Nf6 2. Nf3 e6 3. g3 a6 4. e3 d5 5. b3 c5 6. Bg2 Nc6 7. O-O Bd6 8. d4 cxd4 9. Nxd4 Nxd4 10. Qxd4 dxc4 11. Rd1 Be7 12. Qxd8+ Bxd8 13. bxc4 Ra7 14. a4 b6 15. a5 bxa5 16. Bd2 Nd7 17. Bxa5 Bxa5 18. Rxa5 Rc7 19. c5 Ke7 20. c6 Nb8 21. Na3 Nxc6 22. Rc5 Rd7 23. Rdc1 Na7 24. Nc4 Rhd8 25. Nb6 Rd1+ 26. Bf1 Rxc1 27. Rxc1 Kd6 28. Rd1+ Ke7 29. Rc1 Bd7 30. Rc7 Nc8 31. Nxd7 Kd6 32. Rc2 Kxd7 33. Bxa6 Nd6 34. Be2 g5 35. h3 Ke7 36. Rc7+ Kf6 37. Bh5 Rf8 38. Kg2 Nf5 39. Rb7 Ng7 40. Bf3 Rd8 41. g4 Ne8 42. Ra7 Nd6 43. Kg3 h6 44. h4 Rc8 45. hxg5+ hxg5 46. Ra6 Nc4 47. Rc6 Rxc6 48. Bxc6 Ke7 49. Bb5 Nd6 50. Bd3 Kd7 51. Kf3 Kc6 52. Bh7 Kd5 53. Ke2 f6 54. Bd3 Nf7 55. Ba6 Ne5 56. f3 Nd7 57. Bb7+ Kc4 58. Kd2 Nc5 59. Bc6 Kb4 60. Be8 Nb7 61. Bf7 Nd8 62. Be8 Kc4 63. Bd7 Kd5 64. Be8 Nc6 65. Bxc6+ Kxc6 66. Kc2 f5 67. gxf5 exf5 68. Kd3 Kd5 69. Ke2 g4 70. e4+ Ke5 71. exf5 g3 72. f4+ Kxf5 73. Kf3 g2 74. Kxg2 Kxf4 1/2-1/2

[Event "GER-ch 86th"]
[Site "Saarbruecken"]
[Date "2015.12.04"]
[Round "2"]
[White "Voigt, Martin"]
[Black "Groeger, Stefan"]
[Result "1/2-1/2"]
[WhiteElo "2342"]
[BlackElo "2087"]
[EventDate "2015.12.03"]
[PlyCount "85"]

1. e4 e6 2. d4 d5 3. Nc3 Nf6 4. e5 Nfd7 5. f4 c5 6. Nf3 Nc6 7. Be3 a6 8. Qd2 b5 9. dxc5 Bxc5 10. Bxc5 Nxc5 11. Qf2 Qb6 12. Bd3 b4 13. Ne2 a5 14. O-O Ba6 15. Kh1 Bxd3 16. cxd3 Nd7 17. d4 Ne7 18. Rac1 O-O 19. g4 Rfc8 20. Ng3 Rxc1 21. Rxc1 Rc8 22. Rxc8+ Nxc8 23. Qc2 Ne7 24. f5 Qc6 25. Qxc6 Nxc6 26. Ne2 Nb6 27. b3 a4 28. Kg2 Kf8 29. fxe6 fxe6 30. Kf2 axb3 31. axb3 h6 32. Ke3 Na8 33. g5 Kf7 34. h4 Na5 35. Nc1 h5 36. Ne1 Nc7 37. Ned3 Nc6 38. Nf4 g6 39. Nfd3 Na6 40. Ne2 Ne7 41. Ng3 Nc6 42. Ne2 Ne7 43. Ng3 1/2-1/2

[Event "GER-ch 86th"]
[Site "Saarbruecken"]
[Date "2015.12.04"]
[Round "2"]
[White "Wild, Achim"]
[Black "Poetsch, Hagen"]
[Result "0-1"]
[WhiteElo "2182"]
[BlackElo "2514"]
[EventDate "2015.12.03"]
[PlyCount "61"]

1. Nf3 Nf6 2. c4 e6 3. g3 d5 4. Bg2 d4 5. O-O c5 6. b4 cxb4 7. a3 Nc6 8. d3 a5 9. Bb2 bxa3 10. Nxa3 Bc5 11. Nd2 e5 12. Nb3 Be7 13. Nb5 O-O 14. Ra4 Nd7 15. Qc1 Nb6 16. Ra1 Bg4 17. Re1 Bb4 18. Nd2 Nd7 19. Ba3 Nc5 20. Bxb4 Nxb4 21. Ra3 Bd7 22. Nd6 Qe7 23. Nxb7 Nxb7 24. Bxb7 Ra7 25. Bg2 Nc2 26. Qxc2 Qxa3 27. Rb1 a4 28. Ne4 f5 29. Ng5 Qe7 30. Nf3 a3 31. c5 0-1

[Event "GER-ch 86th"]
[Site "Saarbruecken"]
[Date "2015.12.04"]
[Round "2"]
[White "Zude, Erik"]
[Black "Weber, Max"]
[Result "1-0"]
[WhiteElo "2394"]
[BlackElo "2160"]
[EventDate "2015.12.03"]
[PlyCount "103"]

1. c4 c5 2. Nc3 Nc6 3. e3 Nf6 4. d4 cxd4 5. exd4 d5 6. Bg5 Be6 7. a3 g6 8. Bxf6 exf6 9. Be2 Bg7 10. Bf3 Ne7 11. c5 g5 12. g3 Qd7 13. Nge2 h5 14. h4 Bg4 15. Bg2 Kf8 16. Qb3 Re8 17. Rd1 Bh6 18. Kf1 gxh4 19. Rxh4 Bg5 20. Rh1 h4 21. gxh4 Rxh4 22. Rxh4 Bxh4 23. Kg1 Ng6 24. Qc2 Bxe2 25. Nxe2 Qg4 26. Kf1 Bg5 27. Qd3 Nh4 28. Bh3 Qh5 29. Ng3 Qh6 30. Re1 Rxe1+ 31. Kxe1 Bf4 32. Ne2 Qg5 33. Kd1 Ng6 34. Qf3 Bc7 35. Qg4 Nf4 36. Qxg5 fxg5 37. Nxf4 Bxf4 38. Bg2 g4 39. Kc2 Ke7 40. Bxd5 b6 41. b4 Bg5 42. Kd3 f5 43. Bg2 f4 44. f3 gxf3 45. Bxf3 Kd7 46. d5 Bf6 47. Kc4 bxc5 48. bxc5 a6 49. Bg4+ Kc7 50. d6+ Kc6 51. Bf3+ Kd7 52. Kd5 1-0

[Event "GER-ch 86th"]
[Site "Saarbruecken"]
[Date "2015.12.05"]
[Round "3"]
[White "Bischoff, Klaus"]
[Black "Kunin, Vitaly L"]
[Result "1-0"]
[WhiteElo "2497"]
[BlackElo "2561"]
[EventDate "2015.12.03"]
[PlyCount "91"]

1. d4 d6 2. Nf3 Nf6 3. c4 Nbd7 4. Nc3 e5 5. Bg5 Be7 6. e3 O-O 7. Be2 Ne8 8. Bxe7 Qxe7 9. Qc2 c6 10. O-O Nef6 11. Rfd1 Re8 12. b4 Nf8 13. b5 Bg4 14. bxc6 bxc6 15. h3 Bh5 16. c5 dxc5 17. Nxe5 Bxe2 18. Nxe2 Rac8 19. Rac1 Ne6 20. dxc5 Nxc5 21. Qxc5 Qxe5 22. Nd4 Qxc5 23. Rxc5 Rb8 24. Rdc1 Rb2 25. R1c2 Rb1+ 26. Kh2 h5 27. Nxc6 a6 28. g3 g6 29. Nd4 Rb6 30. Kg2 Kg7 31. Rc7 Nd5 32. Rd7 Nf6 33. Ra7 Nd5 34. Rc5 Nb4 35. a3 Nd3 36. Rc3 Ne1+ 37. Kf1 Rb1 38. Rcc7 Nf3+ 39. Kg2 Ne5 40. Nf3 Nd3 41. Rxf7+ Kh8 42. Nh4 Ne5 43. Nxg6+ Nxg6 44. Rh7+ Kg8 45. Rag7+ Kf8 46. Rxg6 1-0

[Event "GER-ch 86th"]
[Site "Saarbruecken"]
[Date "2015.12.05"]
[Round "3"]
[White "Bode, Wilfried"]
[Black "Tschann, Stephan"]
[Result "1-0"]
[WhiteElo "2338"]
[BlackElo "2262"]
[EventDate "2015.12.03"]
[PlyCount "83"]

1. g3 d5 2. Nf3 Nf6 3. Bg2 e6 4. d4 Be7 5. c4 O-O 6. Qc2 c5 7. dxc5 Bxc5 8. cxd5 Bb4+ 9. Bd2 Bxd2+ 10. Nbxd2 Nxd5 11. O-O Na6 12. Rac1 Qe7 13. a3 Bd7 14. b4 Nb6 15. Qb2 Na4 16. Qa1 Bc6 17. Rc2 Nc7 18. Rfc1 Nb5 19. Nd4 Nxd4 20. Qxd4 Rfd8 21. Qe3 Bxg2 22. Kxg2 Nb6 23. Nf3 Rac8 24. Ne5 Qd6 25. Nd3 Qd5+ 26. Qf3 Qxf3+ 27. Kxf3 Rxc2 28. Rxc2 Rc8 29. Rxc8+ Nxc8 30. a4 Kf8 31. Ke4 Ke7 32. Kd4 Kd6 33. e4 Ne7 34. f4 Nc6+ 35. Kc4 e5 36. b5 Na5+ 37. Kb4 b6 38. Nxe5 Nb7 39. Nxf7+ Ke7 40. Ne5 Nd6 41. Nc6+ Kd7 42. e5 1-0

[Event "GER-ch 86th"]
[Site "Saarbruecken"]
[Date "2015.12.05"]
[Round "3"]
[White "Carow, Johannes"]
[Black "Frischmann, Rick"]
[Result "1/2-1/2"]
[WhiteElo "2431"]
[BlackElo "2274"]
[EventDate "2015.12.03"]
[PlyCount "72"]

1. d4 Nf6 2. c4 g6 3. f3 d5 4. cxd5 Nxd5 5. e4 Nb6 6. Nc3 Bg7 7. Be3 O-O 8. Qd2 Nc6 9. O-O-O Qd6 10. Nb5 Qd7 11. Bh6 Bxh6 12. Qxh6 a6 13. Nc3 Nxd4 14. f4 f6 15. Nf3 e5 16. fxe5 fxe5 17. Nxe5 Qd6 18. Nf3 c5 19. Ng5 Qe7 20. Nd5 Nxd5 21. Bc4 Qg7 22. Bxd5+ Kh8 23. Qxg7+ Kxg7 24. Rdf1 Ne2+ 25. Kd2 Nf4 26. Bxb7 Bxb7 27. Rxf4 Rxf4 28. Ne6+ Kf6 29. Nxf4 Rd8+ 30. Nd5+ Bxd5 31. Rf1+ Ke6 32. exd5+ Rxd5+ 33. Ke3 Re5+ 34. Kd3 Rd5+ 35. Ke3 Re5+ 36. Kd3 Rd5+ 1/2-1/2

[Event "GER-ch 86th"]
[Site "Saarbruecken"]
[Date "2015.12.05"]
[Round "3"]
[White "Donchenko, Alexander"]
[Black "Bastian, Herbert"]
[Result "1-0"]
[WhiteElo "2582"]
[BlackElo "2328"]
[EventDate "2015.12.03"]
[PlyCount "85"]

1. d4 Nf6 2. c4 g6 3. g3 Bg7 4. Bg2 d6 5. Nf3 O-O 6. Nc3 Nbd7 7. O-O e5 8. e4 c6 9. h3 Qe7 10. Be3 exd4 11. Nxd4 Nc5 12. Qc2 Re8 13. Rfe1 a5 14. Rad1 Bd7 15. Bf4 Rad8 16. Nb3 Be6 17. Nxa5 Qc7 18. Nb3 Nxb3 19. axb3 Nh5 20. Bg5 f6 21. Be3 f5 22. Bg5 Nf6 23. Qd2 Rf8 24. exf5 Bxf5 25. b4 Qf7 26. b3 h6 27. Bxh6 Bxh6 28. Qxh6 Bc2 29. Rd2 Bxb3 30. Ne4 Rfe8 31. Rde2 Nh7 32. Nxd6 Rxe2 33. Nxf7 Rxe1+ 34. Kh2 Kxf7 35. Qxh7+ Kf6 36. Qh4+ g5 37. Qh6+ Kf7 38. Qh7+ Kf6 39. Qh6+ Kf7 40. Qh5+ Ke7 41. Qxg5+ Ke8 42. Qg6+ Ke7 43. Qg7+ 1-0

[Event "GER-ch 86th"]
[Site "Saarbruecken"]
[Date "2015.12.05"]
[Round "3"]
[White "Dorst, Johannes"]
[Black "Voigt, Martin"]
[Result "1/2-1/2"]
[WhiteElo "2224"]
[BlackElo "2342"]
[EventDate "2015.12.03"]
[PlyCount "109"]

1. e4 e6 2. d4 d5 3. Nc3 Nf6 4. e5 Nfd7 5. f4 c5 6. Nf3 Nc6 7. Be3 Be7 8. Qd2 O-O 9. dxc5 Nxc5 10. O-O-O Qa5 11. Nd4 Rb8 12. Kb1 Kh8 13. g4 Bd7 14. Rg1 b5 15. Nxc6 Bxc6 16. Ne4 b4 17. Nxc5 Bxc5 18. Bxc5 Qxc5 19. Qd4 Qxd4 20. Rxd4 f6 21. Bd3 fxe5 22. fxe5 g5 23. h4 Rf4 24. Rxf4 gxf4 25. Be2 Rf8 26. Bf3 Be8 27. h5 Kg7 28. Kc1 Kh6 29. g5+ Kg7 30. Re1 Bb5 31. Rg1 Rf5 32. g6 Rxe5 33. h6+ Kg8 34. g7 Be8 35. Rd1 Rf5 36. Rd4 a5 37. c4 bxc3 38. bxc3 Rf6 39. c4 Rxh6 40. Rxf4 Bf7 41. cxd5 exd5 42. Rf5 Rh2 43. Bxd5 Bxd5 44. Rxd5 Rxa2 45. Kb1 Rh2 46. Rxa5 h5 47. Kc1 h4 48. Kd1 h3 49. Rh5 Kxg7 50. Ke1 Kg6 51. Rh8 Kg5 52. Kf1 Kg4 53. Rg8+ Kf3 54. Rf8+ Kg3 55. Rg8+ 1/2-1/2

[Event "GER-ch 86th"]
[Site "Saarbruecken"]
[Date "2015.12.05"]
[Round "3"]
[White "Fridman, Daniel"]
[Black "Svane, Rasmus"]
[Result "1/2-1/2"]
[WhiteElo "2627"]
[BlackElo "2534"]
[EventDate "2015.12.03"]
[PlyCount "120"]

1. d4 Nf6 2. c4 e6 3. Nf3 d5 4. Nc3 c6 5. e3 Nbd7 6. Qc2 Bd6 7. b3 O-O 8. Bb2 e5 9. h3 Qe7 10. O-O-O e4 11. Nd2 b5 12. cxd5 cxd5 13. Nxb5 Ba6 14. Nxd6 Qxd6 15. Bxa6 Qxa6 16. Bc3 Rfc8 17. Nb1 Nb8 18. Qb2 Nc6 19. Kd2 Rc7 20. Ke1 Rac8 21. Qe2 Qb6 22. Kf1 Nb4 23. Bxb4 Qxb4 24. g3 Rc2 25. Rd2 Rxd2 26. Qxd2 Qxd2 27. Nxd2 Rc1+ 28. Kg2 Rc2 29. Nb1 Rxa2 30. Rc1 g6 31. Rc5 Rb2 32. Nc3 Rxb3 33. g4 h6 34. Nxd5 Nxd5 35. Rxd5 Rb6 36. h4 a6 37. g5 hxg5 38. hxg5 Kf8 39. Kg3 Ke7 40. Ra5 Rc6 41. Kf4 Rc2 42. Kg3 Rc6 43. Ra2 f5 44. gxf6+ Rxf6 45. Ra5 Rf3+ 46. Kg2 Rf6 47. Re5+ Re6 48. Rc5 Rf6 49. Ra5 Kd7 50. Rg5 Ke7 51. Rg4 Re6 52. Rg5 Rf6 53. Re5+ Re6 54. Rxe6+ Kxe6 55. Kf1 Kd5 56. Ke2 Kc4 57. Kd2 g5 58. Kc2 g4 59. Kb2 Kb4 60. Kc2 Kc4 1/2-1/2

[Event "GER-ch 86th"]
[Site "Saarbruecken"]
[Date "2015.12.05"]
[Round "3"]
[White "Fuellgrabe, Thomas"]
[Black "Mueller, Nick"]
[Result "1/2-1/2"]
[WhiteElo "2244"]
[BlackElo "2175"]
[EventDate "2015.12.03"]
[PlyCount "63"]

1. e4 e5 2. Nf3 Nc6 3. Nc3 Nf6 4. d4 exd4 5. Nxd4 Bb4 6. Nxc6 bxc6 7. Bd3 d5 8. exd5 O-O 9. O-O cxd5 10. Bg5 c6 11. Qf3 Bd6 12. Rae1 h6 13. Bxf6 Qxf6 14. Qxf6 gxf6 15. Nd1 Rb8 16. b3 Bd7 17. Ne3 Rfe8 18. Nf5 Bxf5 19. Bxf5 Bb4 20. Rxe8+ Rxe8 21. Rd1 c5 22. g4 d4 23. Kg2 Kf8 24. Kf3 Re5 25. Kf4 Be1 26. Kf3 Bc3 27. Bd3 Kg7 28. Kf4 Be1 29. Kf3 Bc3 30. Kf4 Be1 31. Kf3 Bc3 32. Kf4 1/2-1/2

[Event "GER-ch 86th"]
[Site "Saarbruecken"]
[Date "2015.12.05"]
[Round "3"]
[White "Groeger, Stefan"]
[Black "Braun, Christian1"]
[Result "1-0"]
[WhiteElo "2087"]
[BlackElo "2397"]
[EventDate "2015.12.03"]
[PlyCount "57"]

1. Nf3 Nf6 2. d4 g6 3. c4 c5 4. d5 b5 5. cxb5 a6 6. bxa6 Bxa6 7. Nc3 Bg7 8. e4 Bxf1 9. Kxf1 d6 10. g3 O-O 11. Kg2 Nbd7 12. Qe2 Qa5 13. a4 Rfb8 14. Ra3 Rb4 15. Nd2 Nb6 16. b3 Ne8 17. Na2 Nc7 18. Nxb4 cxb4 19. Ra2 Nb5 20. Nc4 Nxc4 21. Qxc4 Nc3 22. Rc2 Qc5 23. Qd3 f5 24. f3 fxe4 25. fxe4 e6 26. Be3 Qc8 27. Bd4 Qb7 28. Bxg7 Qxg7 29. dxe6 1-0

[Event "GER-ch 86th"]
[Site "Saarbruecken"]
[Date "2015.12.05"]
[Round "3"]
[White "Hilverda, Alexander"]
[Black "Hirneise, Jens"]
[Result "0-1"]
[WhiteElo "2385"]
[BlackElo "2266"]
[EventDate "2015.12.03"]
[PlyCount "92"]

1. d4 Nf6 2. c4 g6 3. Nc3 Bg7 4. e4 d6 5. Nf3 O-O 6. Be2 Bg4 7. Be3 Nfd7 8. Rc1 a6 9. b4 a5 10. b5 e5 11. h3 Bxf3 12. Bxf3 exd4 13. Bxd4 Bxd4 14. Qxd4 Nc5 15. O-O Nbd7 16. Nd5 Re8 17. g3 Ne6 18. Qb2 c6 19. Nc3 Ne5 20. Be2 Nd4 21. Rfd1 Nxe2+ 22. Qxe2 Qe7 23. Kg2 Rac8 24. Rd4 Red8 25. Rcd1 f6 26. Qd2 Nf7 27. f3 Kg7 28. Na4 cxb5 29. cxb5 Qc7 30. f4 Re8 31. Nb2 Qc2 32. Nd3 f5 33. e5 dxe5 34. Rd7 exf4 35. Nxf4 g5 36. Nh5+ Kg6 37. Qxc2 Rxc2+ 38. Kf1 Rf8 39. Rxb7 Kxh5 40. Rdd7 Kg6 41. Rb6+ Kg7 42. Ra6 Rxa2 43. b6 Rc8 44. Rd1 Rb2 45. Rxa5 Rxb6 46. Rxf5 Rf6 0-1

[Event "GER-ch 86th"]
[Site "Saarbruecken"]
[Date "2015.12.05"]
[Round "3"]
[White "Liedtke, Matthias"]
[Black "Mailitis, Kai"]
[Result "0-1"]
[WhiteElo "2286"]
[BlackElo "2087"]
[EventDate "2015.12.03"]
[PlyCount "166"]

1. e4 e6 2. d4 d5 3. e5 c5 4. c3 Qb6 5. Nf3 Nc6 6. a3 c4 7. Nbd2 Na5 8. Be2 Bd7 9. Rb1 Nb3 10. Nxb3 Ba4 11. Nfd2 Rc8 12. O-O Ne7 13. h4 Nc6 14. Qe1 cxb3 15. h5 Bb5 16. Nf3 h6 17. Bf4 Be7 18. Rd1 Na5 19. Bd3 Qa6 20. Qe2 Bxd3 21. Rxd3 Nc4 22. Rb1 Qb5 23. Ne1 Bxa3 24. bxa3 Nxa3 25. Rb2 a5 26. Qg4 Rg8 27. Bxh6 Nc2 28. Rd1 Nxe1 29. Rxe1 a4 30. Ra1 Rxc3 31. Bd2 Rc2 32. Rxc2 bxc2 33. Rc1 Qd3 34. Qf4 b5 35. Qe3 Qb3 36. Qc3 Qxc3 37. Bxc3 Kd7 38. Bb4 Ra8 39. Rxc2 a3 40. Ra2 Ra4 41. Bc5 b4 42. Bxb4 Rxb4 43. Rxa3 Rxd4 44. Rg3 Rh4 45. Rg5 d4 46. Kf1 Kc6 47. g4 g6 48. hxg6 fxg6 49. Rxg6 Kd5 50. f4 d3 51. Ke1 Kd4 52. g5 Rh1+ 53. Kd2 Rh2+ 54. Kc1 Kc3 55. Rh6 Rf2 56. Rh1 Rc2+ 57. Kb1 Rb2+ 58. Ka1 Rb7 59. Rc1+ Kd2 60. Rc6 Ke3 61. g6 Rd7 62. Rc3 Kxf4 63. g7 Rxg7 64. Rxd3 Rb7 65. Rd2 Kxe5 66. Re2+ Kf6 67. Rf2+ Ke7 68. Re2 Rb5 69. Ka2 e5 70. Ka3 Ke6 71. Ka4 Rb1 72. Ka3 Kd5 73. Ka2 Rb8 74. Rd2+ Ke4 75. Rd1 Kf3 76. Rf1+ Ke2 77. Rf7 e4 78. Re7 e3 79. Ka3 Kd2 80. Rd7+ Ke1 81. Re7 e2 82. Re6 Rd8 83. Kb3 Kd2 0-1

[Event "GER-ch 86th"]
[Site "Saarbruecken"]
[Date "2015.12.05"]
[Round "3"]
[White "Margraf, Daniel"]
[Black "Kollars, Dmitrij"]
[Result "1/2-1/2"]
[WhiteElo "2277"]
[BlackElo "2445"]
[EventDate "2015.12.03"]
[PlyCount "62"]

1. e4 e5 2. Nf3 Nc6 3. d4 exd4 4. Nxd4 Nf6 5. Nc3 Bb4 6. Nxc6 bxc6 7. Bd3 d5 8. exd5 cxd5 9. O-O O-O 10. Bg5 c6 11. Qf3 Bd6 12. Rae1 Rb8 13. Nd1 h6 14. Bxf6 Qxf6 15. Qxf6 gxf6 16. b3 f5 17. f4 Kg7 18. g3 Kf6 19. Ne3 Bd7 20. Kg2 Rfe8 21. c4 d4 22. Nc2 c5 23. Rxe8 Bxe8 24. Kf2 Bc6 25. Re1 Rb6 26. Re2 Ra6 27. Ne1 Ra3 28. Nc2 Ra6 29. Ne1 Ra3 30. Nc2 Ra6 31. Ne1 Ra3 1/2-1/2

[Event "GER-ch 86th"]
[Site "Saarbruecken"]
[Date "2015.12.05"]
[Round "3"]
[White "Mueller, Reinhold"]
[Black "Wild, Achim"]
[Result "0-1"]
[WhiteElo "2324"]
[BlackElo "2182"]
[EventDate "2015.12.03"]
[PlyCount "62"]

1. d4 d5 2. c4 c6 3. Nf3 Nf6 4. Nc3 dxc4 5. a4 Bf5 6. Ne5 Nbd7 7. Nxc4 Nb6 8. Ne5 a5 9. g3 e6 10. Bg2 Bb4 11. O-O O-O 12. Re1 Ne4 13. Bxe4 Bxe4 14. Be3 Bf5 15. Qb3 Nd7 16. Nf3 Qe7 17. Bg5 f6 18. Bd2 Kh8 19. Nh4 Bg4 20. Ne4 e5 21. Bxb4 axb4 22. dxe5 Nxe5 23. f3 Be6 24. Qc2 Ra5 25. Red1 f5 26. Nd6 g6 27. b3 Rd5 28. Rxd5 Bxd5 29. Nhxf5 gxf5 30. Nxf5 Qf6 31. Nd4 Nxf3+ 0-1

[Event "GER-ch 86th"]
[Site "Saarbruecken"]
[Date "2015.12.05"]
[Round "3"]
[White "Poetsch, Hagen"]
[Black "Stips, Felix"]
[Result "1/2-1/2"]
[WhiteElo "2514"]
[BlackElo "2319"]
[EventDate "2015.12.03"]
[PlyCount "92"]

1. e4 d5 2. exd5 Qxd5 3. Nc3 Qd8 4. d4 Nf6 5. Nf3 Bg4 6. h3 Bxf3 7. Qxf3 c6 8. Qd3 e6 9. Be2 Bd6 10. O-O Nbd7 11. Nd1 O-O 12. Ne3 Nd5 13. Bf3 Nf4 14. Qb3 Rb8 15. Re1 Bc7 16. Ng4 Ng6 17. g3 h5 18. Nh2 h4 19. Be4 Ne7 20. Bg5 hxg3 21. fxg3 Nf6 22. Rad1 Nxe4 23. Rxe4 Qd5 24. Rg4 Qxb3 25. axb3 Nf5 26. Rd3 f6 27. Bf4 Bxf4 28. Rxf4 Rbd8 29. g4 Nh4 30. Re4 Kf7 31. Nf1 Rd6 32. Nd2 Rfd8 33. Nc4 Rxd4 34. Rexd4 Rxd4 35. Nd6+ Ke7 36. Nxb7 Rxd3 37. cxd3 Nf3+ 38. Kf2 Nd4 39. Na5 Kd6 40. Ke3 Kc5 41. h4 Kd5 42. Kf4 e5+ 43. Kg3 Ne2+ 44. Kf3 Nd4+ 45. Kg3 Ne2+ 46. Kf3 Nd4+ 1/2-1/2

[Event "GER-ch 86th"]
[Site "Saarbruecken"]
[Date "2015.12.05"]
[Round "3"]
[White "Riegler, Dieter"]
[Black "Middelhoff, Cornelius"]
[Result "1/2-1/2"]
[WhiteElo "2075"]
[BlackElo "2137"]
[EventDate "2015.12.03"]
[PlyCount "63"]

1. d4 Nf6 2. c4 g6 3. Nc3 d5 4. Nf3 Bg7 5. Qb3 dxc4 6. Qxc4 O-O 7. e4 a6 8. e5 b5 9. Qb3 Be6 10. exf6 Bxb3 11. fxg7 Kxg7 12. axb3 Nc6 13. Be3 Qd6 14. Be2 Nb4 15. Rc1 Qe6 16. Nd2 c6 17. O-O Rac8 18. Nce4 f5 19. Nc5 Qd6 20. Nf3 Nd5 21. Bd2 h6 22. h4 Ra8 23. Ra1 Ra7 24. Rfe1 Rfa8 25. b4 Re8 26. Bd3 e6 27. h5 Ree7 28. hxg6 Kxg6 29. Nh4+ Kf7 30. Nf3 Kg6 31. Nh4+ Kf7 32. Nf3 1/2-1/2

[Event "GER-ch 86th"]
[Site "Saarbruecken"]
[Date "2015.12.05"]
[Round "3"]
[White "Stern, Rene"]
[Black "Keymer, Vincent"]
[Result "1-0"]
[WhiteElo "2538"]
[BlackElo "2342"]
[EventDate "2015.12.03"]
[PlyCount "105"]

1. d4 Nf6 2. c4 e6 3. Nc3 Bb4 4. Bd2 O-O 5. Nf3 c5 6. dxc5 Bxc5 7. g3 d5 8. cxd5 exd5 9. Bg2 Re8 10. O-O Nc6 11. Rc1 d4 12. Na4 Bf8 13. b4 d3 14. exd3 Nxb4 15. d4 a5 16. Nc5 Nbd5 17. Ne5 Bxc5 18. Rxc5 b6 19. Nxf7 Kxf7 20. Rxd5 Nxd5 21. Qh5+ Kg8 22. Qxd5+ Qxd5 23. Bxd5+ Be6 24. Bxa8 Rxa8 25. a3 b5 26. Re1 Kf7 27. Re5 Bc4 28. d5 Rd8 29. Bxa5 Rxd5 30. Re1 Rd3 31. Bb4 Kf6 32. h3 h5 33. Kh2 Bd5 34. Re8 Kg6 35. Re5 Rd1 36. g4 hxg4 37. hxg4 Rd3 38. f4 Bc4 39. Bf8 Kf7 40. Rf5+ Kg8 41. Bb4 Re3 42. Rf8+ Kh7 43. f5 Rf3 44. Rd8 Be2 45. Re8 Bc4 46. Re7 Kg8 47. Bd6 Bf7 48. Rb7 Rd3 49. Bb4 Bc4 50. g5 Rf3 51. g6 Rf2+ 52. Kg3 Rg2+ 53. Kh3 1-0